LEADER 01393nam a2200301 u 4500 001 000000073863 003 CaOOAMICUS 005 20070226122410.0 008 021125c2002 it u000 u ita u 020 $a8882943356 035 $a10945797 040 $aPUL$bita 100 1 $aMamone, Domenico.$0(OLS)http://pul/name/48928 245 13$aIl formulario del diritto di famiglia e delle successioni :$btutti gli atti processuali pił rilevanti in 240 formule /$cDomenico Mamone. 250 $a3. ed. /$baggiornata da Antonio Mamone. 260 $aPiacenza :$bLa tribuna,$cc2002. 300 $a736 p. ;$c24 cm. +$e1 CD-Rom 490 1 $a2002 i formulari 650 4$aFamiglia (diritto).$0(OLS)http://pul/subject/1842 650 4$aSuccessione (diritto).$0(OLS)http://pul/subject/1242 830 0$a2002 i formulari.$0(OLS)http://pul/title/97069 850 $aPUL 852 $aPUL$W1$xDP2 Diritto e Scienze Sociali 2$y100$mUtrCiv B1 12$j95396$nBK-PRI$b $qStampati Altre Collocazioni$B95396$CPULBib$Z2$F95396 $H88513 $81 941 1 $a10 961 $aINV: 88513 996 $6020$a8882943356$9(OLS)http://pul/number/95410 996 $6245$aIl formulario del diritto di famiglia e delle successioni :$btutti gli atti processuali pił rilevanti in 240 formule$9(OLS)http://pul/title/97075 996 $6260$aPiacenza :$bLa tribuna$9(OLS)http://pul/publisher/62750 LEADER 01511nam a2200337 a 4500 001 000000175885 003 CaOOAMICUS 005 20230529130703.0 008 230529s2022 vc u001 u ita r 020 $a978-88-401-7075-6 032 $aLibriCat 040 $aPUL$bita 041 0 $aita$alat 082 04$a262.9 100 1 $aIncitti, Giacomo.$0(OLS)http://pul/name/23124 245 13$aIl popolo di Dio :$bla struttura giuridica fondamentale tra uguaglianza e diversitą /$cGiacomo Incitti. 250 $aSeconda edizione. 260 $aCittą del Vaticano :$bUrbaniana University Press,$c©2022. 300 $a235 p. ;$c24 cm.$c 490 1 $aManuali. Diritto ;$v66 546 $aTesto in italiano con sezioni in latino. 630 04$aCodex iuris canonici (1983).$nCanones 204-231.$0(OLS)http://pul/subject/46668 830 0$aManuali.$pDiritto (Urbaniana University Press) ;$v66.$0(OLS)http://pul/title/136432 850 $aPUL 852 $aPUL$W1$xSL Diritto Canonico 3$y77$m262. 9 INCGI 2$j200050$qDDC 21$B204832$CPULBib$Z2$F204832 $H136273 $82 941 1 $a9 996 $6020$a978-88-401-7075-6$9(OLS)http://pul/number/169128 996 $6082$a262.9$9(OLS)http://pul/classification/369 996 $6245$aIl popolo di Dio :$bla struttura giuridica fondamentale tra uguaglianza e diversitą$9(OLS)http://pul/title/217362 996 $6260$aCittą del Vaticano :$bUrbaniana University Press$9(OLS)http://pul/publisher/66922